El universo en manos del niño. Síntesis de los principales conocimientos humanos, coordinados y puestos al alcance de la mentalidad infantil.

Saved in:
Bibliographic Details
Main Author: Osorio, Luis Enrique.
Format: Book
Language:Spanish
Published: Quito, Ecuador Talleres, Gráficos Nacionales 1934
Textbook Catalogue:MANES:  Library Catalog Search Result
Textbook Classification:
Tags: Add Tag
No Tags, Be the first to tag this record!
Added to:2018-10-05
Changed in:2019-04-29

MARC

LEADER 00000nam a22000007a 4500
005 20190429105159.0
008 181006b xxu||||| |||| 00| 0 spa d
040 |a centro_manes   |c universidad_colima 
100 |9 22546  |a Osorio, Luis Enrique. 
245 |a El universo en manos del niño. Síntesis de los principales conocimientos humanos, coordinados y puestos al alcance de la mentalidad infantil. 
260 |a Quito, Ecuador   |b Talleres, Gráficos Nacionales   |c 1934  
300 |a 295 p.   |c 21 cm. 
500 |a Aparece: Francisco Ziga, "Bibliografía Pedagógica. Libros de texto para enseñanza primaria:1850-1970 V. Libros de Lectura" en Boletín del Instituto de Investigaciones Bibliográficas 1981-1982, Biblioteca Nacional, Hemeroteca Nacional, Universidad Nacional Autónoma de México, Nos. 18 - 19,p. 196. 
691 0 |a PRI 
690 0 |a EyL 
942 |2 ddc  |c BK 
999 |c 52282  |d 52282 
999 |c manes:52282  |d 52282